Sabrina Carpenter Filmography - Statistics

General Stats
  • This quiz has been taken 169 times
    34 since last reset
  • The average score is 13 of 46
Answer Stats
Type Year Name % Correct
Film 2019 Tall Girl
78%
TV Show 2014-2017 Girl Meets World
72%
Film 2022 Tall Girl 2
67%
Web Special 2024 A Nonsense Christmas with Sabrina Carpenter
50%
TV Show 2024, 2025, 2026 Saturday Night Live
50%
TV Show 2013 Austin & Ally
44%
Theater 2020 Mean Girls
44%
Film 2018 The Hate U Give
44%
TV Film 2016 Adventures in Babysitting
39%
Web Series 2013 Orange Is the New Black
39%
Film 2020 Work It
39%
Film 2013 Horns
33%
Video Game 2011 Just Dance Kids 2
33%
TV Show 2011 Law & Order: Special Victims Unit
33%
Film 2012 Noobz
33%
TV Show 2012 Phineas and Ferb
33%
TV Show 2013-2018 Sofia the First
33%
TV Show 2013 The Goodwin Games
33%
Film 2019 The Short History of the Long Road
33%
Film 2020 Clouds
28%
TV Film 2012 Gulliver Quinn
28%
Theater 2015-2016 Peter Pan and Tinker Bell: A Pirates Christmas
28%
TV Special 2025 SNL50: The Anniversary Special
28%
TV Pilot 2018 So Close
28%
Film 2026 The Muppet Show
28%
Film 2022 Emergency
22%
TV Show 2024 Germany's Next Topmodel
22%
TV Show 2018 Mickey Mouse Mixed-Up Adventures
22%
TV Show 2016-2019 Milo Murphy's Law
22%
Web Series 2020 Royalties
22%
TV Show 2017 Soy Luna
22%
Documentary Mini-Series 2025 Taylor Swift: The End of an Era
22%
TV Show 2016 Wander Over Yonder
22%
TV Special 2015 Radio Disney's Family Holiday
17%
TV Film 2012 The Unprofessional
17%
TV Show 2016 Walk the Prank
17%
TV Show 2025 Dancing with the Stars
11%
TV Special 2016 Disneyland 60th Anniversary TV Special
11%
TV Special 2023 iHeartRadio Jingle Ball 2023
11%
TV Show 2020 Punk'd
11%
Web Special 2025 SNL50: The Homecoming Concert
11%
Documentary 2025 Taylor Swift: The Official Release Party of a Showgirl
11%
TV Special 2020 The Disney Family Singalong: Volume II
11%
TV Show 2016 Project Runway
6%
TV Special 2017 We Day 2017
6%
Web Series 2018 James Corden's Next James Corden
0%
No matching quizzes found
Score Distribution
Percent of People with Each Score
Percentile by Number Answered
Your Score History
You have not taken this quiz since the last reset